| 000 | 00407nam a22001457a 4500 | ||
|---|---|---|---|
| 020 | _a9780824753801 | ||
| 040 | _cNUST | ||
| 082 | _a620.3 BEN | ||
| 100 |
_aBenaroya, Haym _958546 |
||
| 245 |
_aMechanical Vibration: _bAnalysis, Uncertainties, and Control |
||
| 250 | _aSecond Edition | ||
| 260 |
_aNew York: _b Marcel Dekker, New York, _c2004. |
||
| 650 |
_aMechanical Vibration _958547 |
||
| 942 |
_2ddc _cBK |
||
| 999 |
_c595523 _d595523 |
||